| 000 | 01231naa a2200337 4500 | ||
|---|---|---|---|
| 001 | 44911 | ||
| 003 | ES-MaCES | ||
| 005 | 20141221114219.0 | ||
| 008 | 000000s2013 be ||||| t||||||| ||eng d | ||
| 040 |
_aES-MaCES _bspa _cES-MaCES |
||
| 100 | 1 |
_935072 _aFreundt, Anders |
|
| 245 | 1 | 0 |
_aDo tax-benefit packages treat families in the same manner when unemployment strikes? _cAnders Freundt, Simon Grundt Straubinger and Jon Kvist |
| 500 | _aResumen | ||
| 504 | _aBibliografía: p. 398-402 | ||
| 650 | 4 |
_927038 _aprestaciones familiares |
|
| 650 | 4 |
_929076 _aprotección social |
|
| 650 | 4 |
_927318 _afamilia |
|
| 650 | 4 |
_928308 _adesempleo |
|
| 650 | 4 |
_929849 _aeconomía del bienestar |
|
| 650 | 4 |
_927062 _acuidado infantil |
|
| 650 | 4 |
_926944 _aAlemania |
|
| 650 | 4 |
_926938 _aDinamarca |
|
| 650 | 4 |
_926967 _aReino Unido |
|
| 650 | 4 |
_926957 _aPaíses Bajos |
|
| 653 | 1 | 0 | _aSeguridad Social |
| 700 | 1 |
_935073 _aGrundt Straubinger, Simon |
|
| 700 | 1 |
_916002 _aKvist, Jon |
|
| 773 | 0 |
_981162 _dMortsel Intersentia 1999- _o084069 _tEuropean journal of social security _w(ES-MaCES)44226 _gvol. 15, no. 4 (Dec. 2013) {55/1120 R. 084069} ;p. 380-402 |
|
| 902 | _aART Artículo de revista | ||
| 942 |
_2CES _cAR _h3.0. |
||
| 999 |
_c44911 _d44911 |
||